Automorphe funktionen

Αποθηκεύτηκε σε:
Λεπτομέρειες βιβλιογραφικής εγγραφής
Κύριος συγγραφέας: Schlesinger, Ludwig, 1838-1899
Μορφή: Βιβλίο
Γλώσσα:German
Δημοσίευση: Berlin und Leipzig : Walter de Gruyter & Co., 1924
Σειρά:Goschens Lehrbucherei. Reine und angewadte Mathematik ; 5
Ετικέτες: Προσθήκη ετικέτας
Δεν υπάρχουν, Καταχωρήστε ετικέτα πρώτοι!

MARC

LEADER 00000cam a2200000 a 4500
001 1/107135
008 150625s1924####gw | ||| |||| ||ger||
040 |a GR-MyUa  |b gre  |c GR-MyUa  |e AACR2 
041 0 |a ger 
082 7 |a 511.33   |2 (23) 
100 1 |a Schlesinger, Ludwig,   |d 1838-1899. 
245 1 0 |a Automorphe funktionen /   |c von Ludwig Schlesinger. 
260 |a Berlin und Leipzig :   |b Walter de Gruyter & Co.,   |c 1924  
300 |a x, 205 σ. :   |b σχέδια ;   |c 24 εκ.  
490 1 |a (Goschens Lehrbucherei. Reine und angewadte Mathematik)   |v  ; 5 
830 0 |a Goschens Lehrbucherei. Reine und angewadte Mathematik ;  |v  5 
852 |a INST  |b SAMOS  |c MAG  |e 20150625  |h 511.33 SCH  |p 005300034655  |q 005300034655  |t BK  |y 0 
970 |a Σιτζίμη  |b Γιασεμή  |z 25/06/2015